[Event "Sochi Lobanov Memorial"]
[Site "Sochi"]
[Date "2021.09.28"]
[Round "1"]
[White "Oganian, Miran"]
[Black "Ekimov, Pavel"]
[Result "1-0"]
[WhiteElo "2441"]
[BlackElo "1706"]
[PlyCount "69"]
[EventDate "2021.09.28"]
[EventType "swiss"]
[EventRounds "9"]
[EventCountry "RUS"]
[SourceTitle "CBM 204 Extra"]
[Source "ChessBase"]
[SourceDate "2021.11.30"]
[SourceVersion "1"]
[SourceVersionDate "2021.11.30"]
[SourceQuality "1"]

1. d4 Nf6 2. c4 e6 3. g3 d5 4. Nf3 Be7 5. Bg2 0-0 6. 0-0 Ne4 7. Qc2 f5 8. b3 Nd7 9. Ba3 Bxa3 10. Nxa3 c6 11. e3 Ndf6 12. Nb1 Bd7 13. Nbd2 Qe7 14. Ne5 Nxd2 15. Qxd2 Be8 16. Nd3 Bh5 17. Rfc1 Ne4 18. Qc2 Rac8 19. c5 g5 20. b4 g4 21. a4 Rf6 22. b5 Be8 23. bxc6 Bxc6 24. Ne5 h5 25. a5 a6 26. Nxc6 Rxc6 27. Rab1 h4 28. Rb6 hxg3 29. hxg3 Rc7 30. c6 e5 31. cxb7 Rxb6 32. axb6 Rxb7 33. Qc8+ Kg7 34. Bxe4 fxe4 35. Qxb7 1-0

[Event "Moscow op-A 17th"]
[Site "Moscow"]
[Date "2021.02.28"]
[Round "9"]
[White "Yakimenko, Alexander A"]
[Black "Ekimov, Pavel"]
[Result "1/2-1/2"]
[WhiteElo "2122"]
[BlackElo "1853"]
[PlyCount "101"]
[EventDate "2021.02.20"]
[EventType "swiss"]
[EventRounds "9"]
[EventCountry "RUS"]
[SourceTitle "EXT 2022"]
[Source "ChessBase"]
[SourceDate "2021.10.06"]
[SourceVersion "1"]
[SourceVersionDate "2021.10.06"]
[SourceQuality "1"]

1. e4 e6 2. d4 d5 3. Nc3 Bb4 4. Nge2 Nf6 5. Bg5 h6 6. Bxf6 Qxf6 7. a3 Bxc3+ 8. Nxc3 dxe4 9. Nxe4 Qg6 10. Ng3 Bd7 11. Bd3 f5 12. Qe2 0-0 13. 0-0-0 Nc6 14. Bc4 Rae8 15. f4 a6 16. Qd2 b5 17. Be2 Rd8 18. Bf3 Ne7 19. Rhe1 Bc6 20. Bxc6 Nxc6 21. Qf2 Rd6 22. Ne2 Rfd8 23. Rd3 Qf6 24. Red1 Na5 25. Qe1 Nc4 26. Qc3 Qe7 27. g3 Qd7 28. Ng1 Rc6 29. Qb4 a5 30. Qe1 Qd5 31. Nf3 b4 32. a4 Nd6 33. Ne5 Rb6 34. b3 Ne4 35. Nc4 Rc6 36. Ne3 Qd7 37. d5 Rd6 38. dxe6 Qxe6 39. Nc4 Rd5 40. Qe3 Qf6 41. Ne5 Rxd3 42. Rxd3 Rxd3 43. cxd3 Nc3 44. Qc5 Qd8 45. Kc2 Qa8 46. Qc4+ Kh7 47. Qc6 Qa7 48. Qg6+ Kg8 49. Qe8+ Kh7 50. Qg6+ Kg8 51. Qe8+ 1/2-1/2

[Event "Moscow op-A 17th"]
[Site "Moscow"]
[Date "2021.02.26"]
[Round "7"]
[White "Basiev, Georgiy"]
[Black "Ekimov, Pavel"]
[Result "0-1"]
[WhiteElo "1448"]
[BlackElo "1853"]
[PlyCount "60"]
[EventDate "2021.02.20"]
[EventType "swiss"]
[EventRounds "9"]
[EventCountry "RUS"]
[SourceTitle "CBM 200 Extra"]
[Source "ChessBase"]
[SourceDate "2021.03.31"]
[SourceVersion "1"]
[SourceVersionDate "2021.03.31"]
[SourceQuality "1"]

1. d4 Nf6 2. Nf3 e6 3. Bf4 b6 4. e3 Bb7 5. Be2 Be7 6. h3 d6 7. 0-0 Nbd7 8. c4 0-0 9. Nc3 c5 10. Rc1 Ne4 11. Nxe4 Bxe4 12. Nd2 Bb7 13. Bf3 Qc7 14. Nb1 cxd4 15. exd4 e5 16. dxe5 dxe5 17. Bxb7 Qxb7 18. Re1 Rad8 19. Qc2 Nc5 20. Bxe5 Nd3 21. Re3 Nxc1 22. Qxc1 f6 23. Bg3 Bc5 24. Rf3 Qe4 25. Rf4 Qd3 26. Nc3 Qxg3 27. Rg4 Bxf2+ 28. Kh1 Qe3 29. Qc2 Qe1+ 30. Kh2 Qg1# 0-1

[Event "Moscow op-A 17th"]
[Site "Moscow"]
[Date "2021.02.21"]
[Round "2"]
[White "Ekimov, Pavel"]
[Black "Badelka, Olga"]
[Result "0-1"]
[WhiteElo "1853"]
[BlackElo "2428"]
[PlyCount "100"]
[EventDate "2021.02.20"]
[EventType "swiss"]
[EventRounds "9"]
[EventCountry "RUS"]
[SourceTitle "CBM 200 Extra"]
[Source "ChessBase"]
[SourceDate "2021.03.31"]
[SourceVersion "1"]
[SourceVersionDate "2021.03.31"]
[SourceQuality "1"]

1. d4 d5 2. Nf3 Nf6 3. c4 dxc4 4. Nc3 e6 5. Bg5 Bb4 6. e4 c5 7. e5 cxd4 8. exf6 gxf6 9. Bxf6 Qxf6 10. Qxd4 Qxd4 11. Nxd4 Bd7 12. Bxc4 Ke7 13. Rc1 Rg8 14. 0-0 Nc6 15. Nxc6+ Bxc6 16. g3 Rgd8 17. Rfd1 Bxc3 18. bxc3 Bf3 19. Re1 Rd2 20. Re3 Bc6 21. Kf1 Rad8 22. Re2 b5 23. Ke1 R2d6 24. Bb3 a5 25. Rd1 a4 26. Rxd6 Rxd6 27. Bc2 Bd5 28. Bxh7 f5 29. f4 Kf6 30. g4 Kg7 31. Bxf5 exf5 32. gxf5 Kf6 33. Re5 a3 34. Kd2 Bxa2+ 35. Kc1 Bb3 36. Re1 Kxf5 37. h4 Kxf4 38. h5 Kf3 39. Rh1 Rh6 40. Kd2 Kg2 41. Rh4 a2 42. Rg4+ Kf3 43. Rg1 Rxh5 44. Ra1 Rh2+ 45. Kc1 Rc2+ 46. Kd1 Rxc3+ 47. Kd2 Rc2+ 48. Kd1 Ke3 49. Ke1 Rh2 50. Kf1 Rh1+ 0-1